000 00376nam a2200157Ia 4500
003 OSt
005 20240307154352.0
008 170523s9999 xx 000 0 und d
020 _a978-0852975800
040 _ciimtu meerut
100 _aWATSON- COWDELL
245 0 _aFINANCE OF INTERNATIONAL TRADE
260 _bAITBS PUBLICATION DIS
260 _c2002
942 _2ddc
_c02
999 _c1239
_d1239